Statistics for Songs by Nirvana

Click here to take the quiz!

General Stats

  • This quiz has been taken 578 times
  • The average score is 34 of 94

Answer Stats

Album Song % Correct
NevermindSmells Like Teen Spirit
96%
NevermindCome as You Are
88%
NevermindLithium
84%
In UteroHeart-Shaped Box
83%
NevermindPolly
81%
Incesticide(New Wave) Polly
81%
NevermindIn Bloom
77%
In UteroRape Me
77%
BleachAbout a Girl
74%
MTV Unplugged in New York (cover)The Man Who Sold the World
74%
In UteroAll Apologies
70%
NevermindSomething in the Way
69%
NevermindBreed
64%
MTV Unplugged in New York (cover)Where Did You Sleep Last Night
63%
NevermindTerritorial Pissings
62%
NevermindDrain You
60%
IncesticideSliver
59%
In UteroDumb
59%
NevermindOn a Plain
59%
In UteroPennyroyal Tea
58%
BleachSchool
57%
MTV Unplugged in New York (cover)Lake of Fire
54%
In UteroFrances Farmer Will Have Her Revenge on Seattle
53%
Bleach (cover)Love Buzz
52%
NevermindLounge Act
52%
In UteroServe the Servants
51%
IncesticideAneurysm
50%
NevermindStay Away
49%
BleachFloyd the Barber
47%
Best of the BestYou Know You're Right
46%
MTV Unplugged in New York (cover)Plateau
45%
BleachBlew
45%
In UteroScentless Apprentice
43%
MTV Unplugged in New York (cover)Oh Me
42%
In UteroMilk It
42%
BleachNegative Creep
41%
In UteroVery Ape
41%
IncesticideBeen a Son
41%
In UteroRadio Friendly Unit Shifter
38%
With The Lights OutEndless, Nameless
37%
In UteroTourette's
37%
IncesticideMolly's Lips
37%
MTV Unplugged in New York (cover)Jesus Doesn't Want Me For a Sunbeam
35%
IncesticideDive
34%
BleachDowner
33%
BleachBig Cheese
33%
BleachMr. Moustache
33%
Sliver: The Best of the BoxSappy
30%
BleachPaper Cuts
29%
IncesticideMexican Seafood
29%
With The Lights Out (cover)D-7
28%
BleachSwap Meet
28%
BleachScoff
27%
IncesticideHairspray Queen
26%
IncesticideAero Zeppelin
25%
IncesticideSon of a Gun
24%
IncesticideStain
23%
IncesticideTurnaround
23%
BleachSifting
21%
IncesticideBig Long Now
21%
IncesticideBeeswax
19%
From the Muddy Banks of the WishkahSpank Thru
18%
With The Lights OutEven in His Youth
15%
With The Lights Out (cover)Heartbreaker
15%
With The Lights OutI Hate Myself and I Want to Die
15%
With The Lights OutVerse Chorus Verse
14%
Live at Reading (cover)The Money Will Roll Right In
14%
With The Lights OutPen Cap Chew
13%
With The Lights OutGallons of Rubbung Alcohol Flow Through the Strip
13%
With The Lights OutCurmudgeon
13%
With The Lights Out (cover)Here She Comes Now
13%
With The Lights OutBeans
13%
With The Lights OutOld Age
13%
With The Lights OutMrs. Butterworth
12%
With The Lights OutOpinion
12%
Sliver: The Best of the BoxDo Re Mi
11%
With The Lights OutBlandest
11%
With The Lights OutM.V.
11%
With The Lights Out (cover)Return of the Rat
11%
With The Lights OutAnorexorcist
10%
With The Lights OutOh, the Guilt
10%
With The Lights OutHelp Me I'm Hungry
10%
With The Lights OutIf You Must
10%
With The Lights OutPay to Play
10%
With The Lights OutToken Eastern Song
10%
With The Lights Out (cover)Grey Goose
10%
With The Lights OutClean Up Before She Comes
10%
With The Lights Out (cover)White Lace and Strange
9%
With The Lights Out (cover)They Hung Him On a Cross
9%
With The Lights OutRaunchola
8%
With The Lights Out (cover)Ain't It a Shame
8%
With The Lights Out (cover)Moby Dick
8%
With The Lights OutDon't Want It All
7%

Score Distribution

Percentile by Number Answered

Percent of People with Each Score

Your Score History

You have not taken this quiz